Estadísticas para Prueba de Antigua y Barbuda

Haz click aquí para tomar la prueba!

Estadísticas generales

  • Esta prueba ha sido tomada 489 veces
  • La puntuación promedio es 8 de 13

Estadísticas de respuestas

PistaRespuesta% Correcto
Idioma oficialInglés
99%
El país está en este marMar Caribe
97%
País que controlaba Antigua y Barbuda, 1632-1981Reino Unido
91%
Lo anterior es parte de este gran archipiélago{Antillas} Menores
87%
Moneda compartida con otros siete países y territorios{Dólar} del Caribe Oriental
84%
La industria que representa 50% del PIBTurismo
77%
El deporte más popularCricket
71%
CapitalSaint John's
66%
Nombre de Boggy Peak, el pico más alto del país,
de 2009 a 2016 (pista: un líder político de EE.UU.)
Monte {Obama}
48%
Enfermedad infecciosa que se cree que ha matado
a la mayoría de los habitantes nativos del país
Viruela
39%
Grupo de islas del que forma parteIslas de {Sotavento}
30%
La ciudad principal en la isla de Barbuda{Codring}ton
22%
Apellido de los líderes padre e hijo Vere y LesterBird
21%

Distribución de puntuación

Porcentaje por número respondido

Porcentaje de gente con cada puntuación

Historial de tus puntuaciones

No has tomado esta prueba